Statistiques concernant Révision du code de la route

Cliquez ici pour prendre le quiz!

Statistiques générales

  • Ce quiz a été pris 2 186 fois
    (997 depuis la dernière actualisation)
  • Le résultat moyen est 5 sur 10

Statistiques - réponses

QuestionRéponse% Correct
Comment sont les panneaux d'interdictions ?Rond, rouge et blanc
86%
Quelle est l'utilité des dispositifs réfléchissants ?Rendre visible le véhicule la nuit.
79%
Un pneu sous-gonflé :Adhère moins la route
66%
En règle générale, à partir de quel âge un enfant peut-il être installé sur le siège passager avant du véhicule ?10 ans
62%
Quel est le nombre de points retirés si je téléphone au volant ?3 points
56%
Pouvez-vous utiliser les feux de brouillard arrière par forte pluie ?Non
49%
Les feux de croisement éclairent davantage à droite qu'à gauche ?Oui
45%
À partir de quel taux d'alcool, en période de permis probatoire, est-on en infraction ?0,20 g/l de sang
38%
De quoi est passible un excès de vitesse supérieur à 50 km/h ? (peines principales)Perte de 6 points, jusqu'à 1 500 € d'amende
23%
Quel poids maximum de matériel peut transporter un véhicule conduisible avec un permis B ?3.5 tonnes
17%

Distribution des résultats

Percentile par nombre de réponses

% des personnes avec chaque résultat

Votre développement - résultats

Vous n’avez pas pris ce quiz depuis la dernière actualisation